00449 a2200157 450000100060000002000190000604000220002510000210004724000210006824500160008930000080010565000450011394200070015895201090016599900170027462879 a97885554600012 cAnchieta - Pituba aCawthorne, Nigel10a100 tiranoslpor10a100 tiranos a129 4aHistória do mundo antigo até 499 AC. cBK 00104070a91.1b91.1d2023-11-21l0o930 C383c CAW 100p16149/PITr2023-11-21 18:31:30w2023-11-21yBK c62879d62879